Leadeship coaching with horses: (Record no. 1435811)

MARC details
000 -LEADER
fixed length control field 00786 a2200241 4500
005 - DATE AND TIME OF LATEST TRANSACTION
control field 20251203153414.0
008 - FIXED-LENGTH DATA ELEMENTS--GENERAL INFORMATION
fixed length control field 251203b |||||||| |||| 00| 0 eng d
020 ## - INTERNATIONAL STANDARD BOOK NUMBER
International Standard Book Number 978-1-032683836 (pbk)
037 ## - SOURCE OF ACQUISITION
Terms of availability TB
040 ## - CATALOGING SOURCE
Original cataloging agency CRL
Transcribing agency CRL
041 ## - LANGUAGE CODE
Source of code ENG
Language code of text/sound track or separate title ENG
084 ## - COLON CLASSIFICATION NUMBER
Classification number Y48:(S) R5
Assigning agency CRL
100 ## - MAIN ENTRY--PERSONAL NAME
Personal name Damone, Michele
9 (RLIN) 821974
245 ## - TITLE STATEMENT
Title Leadeship coaching with horses:
Remainder of title Power of psychometrics and biofeedback
260 ## - PUBLICATION, DISTRIBUTION, ETC.
Place of publication, distribution, etc. London, USA:
Name of publisher, distributor, etc. Routledge:
Date of publication, distribution, etc. 2025.
300 ## - PHYSICAL DESCRIPTION
Extent xi;153p.
365 ## - TRADE PRICE
Price amount 24.99
Currency code UKP
650 ## - SUBJECT ADDED ENTRY--TOPICAL TERM
Topical term or geographic name entry element Leadership
9 (RLIN) 854269
650 ## - SUBJECT ADDED ENTRY--TOPICAL TERM
Topical term or geographic name entry element Psychology
9 (RLIN) 854270
650 ## - SUBJECT ADDED ENTRY--TOPICAL TERM
Topical term or geographic name entry element Sociology
9 (RLIN) 854271
942 ## - ADDED ENTRY ELEMENTS (KOHA)
Koha item type Textbook
Source of classification or shelving scheme Colon Classification (CC)
Suppress in OPAC No
Classification part Y48:(S) R5
Holdings
Withdrawn status Lost status Source of classification or shelving scheme Damaged status Not for loan Home library Current library Date acquired Source of acquisition Cost, normal purchase price Inventory number Total Checkouts Full call number Barcode Date last seen Cost, replacement price Price effective from Koha item type
    Colon Classification (CC)     Central Library Central Library 2025-10-09 Elite Publishers Distributors 2388.65 15092 & 01/10/2025   Y48:(S) R5 CL1923794 2025-10-09 2985.81 2025-10-09 Textbook
Copyright @ Delhi University Library System